| 000 | 00610nam a22002057a 4500 | ||
|---|---|---|---|
| 999 |
_c3804 _d3804 |
||
| 003 | AR-CdUCM | ||
| 008 | 190307b ||||| |||| 00| 0 spa d | ||
| 040 |
_aMUNICIPALIDAD PROVINCIAL DEL CUSCO _cBIBLIOTECA MUNICIPAL DEL CUSCO |
||
| 082 |
_a869.508 / _bD93 |
||
| 100 |
_aDostoyevski, Fiodor _912267 |
||
| 245 | _aEl Eterno Marido : | ||
| 260 |
_aLima : _bGráfica Panamericana ; |
||
| 300 |
_a191 páginas ; _c17cm |
||
| 440 |
_aPopulibros Peruanos _96136 |
||
| 505 | _aContenido: Novela | ||
| 650 |
_aLiteratura universal _9611 |
||
| 650 |
_aLiteratura rusa _99773 |
||
| 942 |
_2ddc _cLIBROS |
||
| 945 | _anom | ||